Education index. Vol.14
Guardat en:
| Autor principal: | |
|---|---|
| Format: | Llibre |
| Idioma: | Undetermined |
| Publicat: |
New York
H. W. Wilson
1964
|
| Matèries: | |
| Etiquetes: |
Afegir etiqueta
Sense etiquetes, Sigues el primer a etiquetar aquest registre!
|
| Thư viện lưu trữ: | Trung tâm Học liệu Trường Đại học Cần Thơ |
|---|
| LEADER | 00480nam a2200181Ia 4500 | ||
|---|---|---|---|
| 001 | CTU_25470 | ||
| 008 | 210402s9999 xx 000 0 und d | ||
| 082 | |a 025.48 | ||
| 082 | |b S474/Vol.14 | ||
| 100 | |a Minnie A Seng | ||
| 245 | 0 | |a Education index. Vol.14 | |
| 245 | 0 | |c Minnie A Seng | |
| 260 | |a New York | ||
| 260 | |b H. W. Wilson | ||
| 260 | |c 1964 | ||
| 650 | |a education - bibliography | ||
| 904 | |i Minh, 980926 | ||
| 980 | |a Trung tâm Học liệu Trường Đại học Cần Thơ | ||